| 000 | 00820nam a22001577a 4500 | ||
|---|---|---|---|
| 003 | OSt | ||
| 005 | 20150919140904.0 | ||
| 008 | 150919b xxu||||| |||| 00| 0 eng d | ||
| 040 | _cRUA | ||
| 082 | _aAGR KON 2008 B036 Or.1 | ||
| 100 |
_9865 _aKON, KOMPHEAK. |
||
| 245 | _aComparison on seedling and seeding number per hill of car 11 variety in the rainy season at the royal university of agriculture ប្រៀបធៀបចំនួនសំណាបក្នុងមួយគុម្ព និងចន្លោះគុម្ពពូជស្រូវខា ១១ ក្នុងលក្ខខណ្ឌរដូវវស្សានៅសាកលវិទ្យាល័យភូមិន្ទកសិកមុ្ម | ||
| 260 |
_aPhnom Penh _bRUA _c2008 |
||
| 300 |
_axi; 44p. _bill. _c29cm. |
||
| 942 |
_2ddc _cAGR |
||
| 999 |
_c833 _d833 |
||